000 00708cab a2200253 4500
001 ABS59480
008 090401t1998 xxu||||| |||| 00| 0 eng d
035 _a(Sirsi) u89416
041 _aeng
100 _aLing, A.
245 3 _aAn architect`s model?
260 _c1998
350 _a0
490 _aBuilding
_v263(8061) 23 October 1998, 64-65(2)
520 _aAssesses Graphisoft`s ArchiCAD computer aided design software package.
650 _aARCHICAD
650 _aBUILT ENVIRONMENT-CONSTRUCTION DESIGN
650 _aCAD
650 _aCOMPUTER AIDED DESIGN
650 _aSOFTWARE
690 _aMANAGEMENT-BUSINESS MANAGEMENT-INFORMATION MANAGEMENT
942 _n0
948 _c03/11/1998
999 _c56561
_d56561